000 00397nam a2200157Ia 4500
008 200305s9999 xx 000 0 und d
020 _a978-93-5098-198-6
082 _a920.054
082 _bSAH
100 _aSARKAR JADUNATH, BHATTACHARYYA ANANDA
245 _aHISTORY OF THE DASNAMI NAGA SANNYASIS
260 _aNEW DELHI
_bMANOHAR PUB
300 _a260
650 _aHISTORY
999 _c40486
_d40486
041 _aeng